| 000 | 01023nam a22002417a 4500 | ||
|---|---|---|---|
| 005 | 20220214145638.0 | ||
| 008 | 220214b ||||| |||| 00| 0 eng d | ||
| 020 | _a9780520081147 | ||
| 040 | _cAL | ||
| 041 | _aeng | ||
| 082 |
_223 _a909.08 _bBRAC |
||
| 100 |
_aFernand Braudel _919743 |
||
| 245 |
_aCivilization and Capitalism15th-18th Century: _bThe Structures of Everyday Life |
||
| 260 |
_aLondon _bWilliam Collins Sons & Co. Ltd _c1979 |
||
| 300 |
_a623 p. _bHB _c23x17 cm |
||
| 520 | _aBy examining in detail the material life of pre-industrial peoples around the world, Fernand Braudel significantly changed the way historians view their subject. Volume I describes food and drink, dress and housing, demography and family structure, energy and technology, money and credit, and the growth of towns. | ||
| 650 |
_aWorld Population _919730 |
||
| 650 |
_aSocial History _919731 |
||
| 650 |
_aEconomic History _919732 |
||
| 650 |
_aCivilization _919733 |
||
| 700 |
_aBRAUDEL (Fernand) _919734 |
||
| 942 |
_2ddc _cGF |
||
| 999 |
_c221504 _d221504 |
||